Música : (Registro nro. 14574)
[ vista simple ]
| 000 -LIDER | |
|---|---|
| fixed length control field | 00875nam a2200265 a 4500 |
| 001 - NÚMERO DE CONTROL | |
| Identificador de número de control | 000038915 |
| 003 - IDENTIFICACDOR DE NÚMERO DE CONTROL | |
| control field | DO-SdBNP |
| 005 - DATE AND TIME OF LATEST TRANSACTION | |
| control field | 20240216120040.0 |
| 008 - ELEMENTOS DE LONGITUD FIJA | |
| fixed length control field | 130314s2000 mx 000 0 spa d |
| 020 ## - ISBN | |
| International Standard Book Number | 9706611150 |
| 040 ## - FUENTE DE CATALOGACIÓN | |
| Agencia que crea de manera original el registro | BPMSU |
| Idioma de catalogación | spa |
| Agencia que realiza la transcripción | BPMSU |
| 082 #4 - NÚMERO DE CLASIFICACIÓN DECIMAL DE DEWEY | |
| Item number | P314m 2002 |
| 100 1# - ASIENTO PRINCIPAL -- NOMBRE PERSONAL | |
| Nombre personal | Patrón Luján, Roger. |
| 245 10 - MENCIÓN DE TITULO | |
| Título | Música : |
| Subtítulo | conócela y disfrútala |
| Mención de responsabilidad | Roger Patrón Luján, Rodolfo Krieger Vázquez. |
| 246 14 - VARIACION DEL TÍTULO | |
| Título propiamente dicho o título corto | Música : conócela y disfrútala. Cómo acercarte a los clásicos fácil e interesante |
| 250 ## - MENCIÓN DE EDICION | |
| Mención de edición | 6a. ed. |
| 260 ## - PUBLICACIÓN, DISTRIBUCIÓN, ETC. (PIE DE IMPRENTA) | |
| Lugar de publicación, distribución, etc | México : |
| Nombre del editor, distribuidor, etc. | EDAMEX, |
| Fecha de publicación, distribución, etc | 2000 |
| 300 ## - DESCRIPCIÓN FÍSICA | |
| Extensión | 115 p. ; |
| Dimensiones | 21 cm. |
| 500 ## - NOTA GENERAL | |
| Nota general | Lo mejor de 144 compositores de todos los tiempos |
| 590 ## - NOTA LOCAL | |
| Texto de la nota local | Inventariado, 2024/VM |
| 650 #4 - ENCABEZAMIENTO DE MATERIA--TEMÁTICO | |
| Término temático o nombre geográfico como elemento de entrada | Músicos |
| Subdivisión de forma | Biografía. |
| 700 1# - ASIENTO SECUNDARIO -- NOMBRE PERSONAL | |
| Nombre personal | Krieger Vázquez, Rodolfo |
| Mención de responsabilidad | autor |
| 910 ## - VALIDACIÓN | |
| Validación | VMateo V. Control de calidad, BPMSU |
| 942 ## - ADDED ENTRY ELEMENTS (KOHA) | |
| Source of classification or shelving scheme | Dewey Decimal Classification |
| Koha item type | Libros |
| Withdrawn status | Lost status | Source of classification or shelving scheme | Damaged status | Not for loan | Collection code | Home library | Current library | Date acquired | Total Checkouts | Full call number | Barcode | Date last seen | Price effective from | Koha item type |
|---|---|---|---|---|---|---|---|---|---|---|---|---|---|---|
| Dewey Decimal Classification | Colección General | Biblioteca Pública Metropolitana Salomé Ureña | Biblioteca Pública Metropolitana Salomé Ureña | 02/16/2024 | BPMSU CG 927.8 P314m 2000 | BPMSU24020336 | 02/16/2024 | 02/16/2024 | Libros |